000 00544nam a2200205Ia 4500
005 20250923150121.0
008 008 250917s9999 xx 000 0 eng d
037 _aTextual
040 _aDSWL
_beng
_cDSWL
041 _aeng
_2eng
084 _qDSWL
100 _aBalu, Revati
_9842412
245 0 _aPromoting child's right to play through community involvement
_c by Revati Balu
260 _aMumbai
_bTISS India
_c1996
300 _a52p.
365 _aINR
_b25
925 _g25
942 _cTEXL
999 _c1459736
_d1459736